Sports Quiz

Random Sports or NHL Quiz

NHL Top 30 active Goal Scorers Quiz Stats

 Plays Quiz not verified by Sporcle

Challenge
Share
Tweet
Embed
Score 0/30 Timer 05:00
0 Plays Today
# Player % Correct
1Alex Ovechkin
98.7%
5Sidney Crosby
97.6%
9Evgeni Malkin
92%
18Patrick Kane
88.7%
2Patrick Marleau
88.5%
10Corey Perry
87.1%
7Joe Thornton
86.3%
13Steven Stamkos
85.5%
3Rick Nash
83.1%
8Eric Staal
77.7%
15Phil Kessel
75.6%
21Anze Kopitar
73%
22Patrice Bergeron
72.2%
6Marian Gaborik
70.5%
14Zach Parise
70.2%
# Player % Correct
12Jeff Carter
70%
16Jason Spezza
65.1%
11Thomas Vanek
52.5%
20Jonathan Toews
48.5%
23Justin Williams
48.5%
24Mike Fisher
42.6%
19Michael Cammalleri
40.5%
17Joe Pavelski
38.6%
25Jason Pominville
0%
26John Tavares
0%
4Ilya Kovalchuk
0%
27James Neal
0%
28Chris Kunitz
0%
29Dustin Brown
0%
30Matt Cullen
0%

You're not logged in!

Compare scores with friends on all Sporcle quizzes.
Join for Free
OR
Log In

You Might Also Like...

Show Comments

Extras

Top Quizzes Today


Score Distribution

Your Account Isn't Verified!

In order to create a playlist on Sporcle, you need to verify the email address you used during registration. Go to your Sporcle Settings to finish the process.

Report this User

Report this user for behavior that violates our Community Guidelines.

Details: